000
00218 a2200097 4500
001
11823
100
_a
Dobb, M.
245
_a
Soviet economic development
260
_a
_b
Routledge & kegan paul
_c
090
_c
9079
_d
9079
942
_a
NUST-CAE
_c
M
_c
35910
999
_c
246896
_d
246896